K periodizaci dějin Slezska : (sborník z pracovního zasedání v Opavě 11.-12. prosince 2007) /

Korporativní autor: Slezská univerzita. Ústav historických věd
Další autoři: K periodizaci dějin Slezska (pracovní setkání)
Jazyk: Němčina
Polština
Čeština
Vydáno: Opava : Slezská univerzita v Opavě, Filozoficko-přírodovědecká fakulta, Ústav historických věd, 2008
Vydání: Vyd. 1.
Témata:
Externí odkaz: Digitalizovaný dokument
Fyzický popis: 266 s. ; 24 cm
Language note: Část. německý a polský text, německá a české resumé
Knihy
Uloženo v:
LEADER 01941nam a2200445 a 4500
001 nkc20081831597
003 CZ PrNK
005 20090409134334.0
007 ta
008 081121s2008 xr f 100 0 cze
015 |a cnb001831597 
020 |a 978-80-7248-496-6  |q (brož.) 
035 |a (OCoLC)320206786 
040 |a BOA001  |b cze  |d ABA001 
041 0 |a cze  |a ger  |a pol  |b cze  |b ger 
043 |a e-xr---  |b e-xr-sl  |2 czenas 
072 7 |a 94(430/439)  |x Dějiny zemí střední Evropy  |2 Konspekt  |9 8 
080 |a 94(437.33+438)  |2 MRF 
080 |a 94"0/2"+94"6"  |2 MRF 
080 |a (062.534)  |2 MRF 
111 2 |a K periodizaci dějin Slezska (pracovní setkání)  |d (2007 :  |c Opava, Česko)  |7 mzk2009490524 
245 1 0 |a K periodizaci dějin Slezska :  |b (sborník z pracovního zasedání v Opavě 11.-12. prosince 2007) /  |c Slezská univerzita v Opavě, Filozoficko-přírodovědecká fakulta, Ústav historických věd 
250 |a Vyd. 1. 
260 |a Opava :  |b Slezská univerzita v Opavě, Filozoficko-přírodovědecká fakulta, Ústav historických věd,  |c 2008 
300 |a 266 s. ;  |c 24 cm 
504 |a Obsahuje bibliografii a bibliografické odkazy 
546 |a Část. německý a polský text, německá a české resumé 
650 0 7 |a periodizace dějin  |7 ph319014  |2 czenas 
650 0 9 |a periodization in history  |2 eczenas 
651 7 |a Slezsko  |7 ge130850  |x dějiny  |2 czenas 
651 9 |a Silesia  |x history  |2 eczenas 
655 7 |a sborníky konferencí  |7 fd133333  |2 czenas 
655 9 |a proceedings of conferences  |2 eczenas 
710 2 |a Slezská univerzita.  |b Ústav historických věd  |7 ko2008416794 
856 4 1 |u http://www.digitalniknihovna.cz/mzk/uuid/uuid:b7877100-a8e9-11e3-9d7d-005056827e51  |y Digitalizovaný dokument  |x NDK 
910 2 |a BOA001  |b 2-1216.998 
990 |a BK 
995 |a 01 
991 |b 200902  |c NOV 
996 6 |b 2610367180  |c 2-1216.998  |l MZK  |r Sklad / do 1 hodiny  |n 4  |p p.v.  |w 000928295  |u 000010  |a 1  |e BOA001  |j MZK50  |s P